00381nam a2200145 a 450000500170000000800410001702000180005805000180007610000180009424500430011226000320015530000090018744000210019665000180021720140412111429.0090225s19uu xx 00 eng d a0-439-89752-1 aERbTo64 2007 aSkies, Cecile aTotally talented pets /cCecile Skies. aU.S.A :bScholastic,c2007. aunp. aLittlest petshop aPets- fiction